000 00959cam a2200229 a 4500
001 13500256
005 20241218171652.0
008 040224s2003 enka b 001 0 eng
020 _a9780340810255
050 0 0 _aQP141
_b.B262 2003
082 0 0 _a613.2
_222
100 1 _aBarasi, Mary E.
245 1 0 _aHuman nutrition :
_ba health perspective /
_cMary E. Barasi ; illustrations by Megan Morris.
250 _a2nd ed.
260 _aLondon :
_bArnold ;
_aNew York :
_bDistributed in the United States by Oxford University Press,
_cc2003.
300 _axi, 403 p. :
_bill. ;
_c25 cm.
650 0 _aNutrition.
856 4 2 _3Publisher description
_uhttp://www.loc.gov/catdir/enhancements/fy0620/2004269768-d.html
856 4 1 _3Table of contents only
_uhttp://www.loc.gov/catdir/enhancements/fy0620/2004269768-t.html
856 4 2 _3Contributor biographical information
_uhttp://www.loc.gov/catdir/enhancements/fy1302/2004269768-b.html
942 _2lcc
_cBK
_e2nd ed.
_n0
999 _c2450
_d2450